|
|
|
|
| LEADER |
00000cam a2200000 4500 |
| 001 |
vtls011919310 |
| 003 |
SK-MaSNL |
| 005 |
20260301052812.0 |
| 008 |
210223s2018 hu o grn 000 0 hun |
| 015 |
|
|
|a SNBZSA2021/01
|
| 020 |
|
|
|a 9786150037332
|q (brožované)
|
| 035 |
|
|
|a urn:nbn:sk:snk-am00eo0e
|
| 035 |
|
|
|a urn:nbn:sk:snk-am3il8v
|
| 035 |
|
|
|a 16FB73B1-8FF7-464B-9882-11A54E4AE311
|
| 040 |
|
|
|a SNK
|b slo
|c SNK
|e rda
|
| 041 |
0 |
|
|a hun
|a slo
|
| 043 |
|
|
|a e-hu---
|
| 044 |
|
|
|a hu
|c HU
|
| 072 |
|
7 |
|a 398
|x Folklór
|2 konspekt
|
| 080 |
|
|
|a 398.3
|2 2011
|
| 080 |
|
|
|a (439)
|2 2011
|
| 080 |
|
|
|a (094.9)
|2 2011
|
| 080 |
|
|
|a (048.8)
|2 2011
|
| 245 |
0 |
0 |
|a Nógrádi szlovák gyökereink II.
|b a nógrádi lakodalom
|c összeállította: Végh József ; szlovák fordítás: Kázmér Alexandra
|
| 246 |
3 |
1 |
|a Naše novohradské korene II.
|
| 246 |
3 |
0 |
|a Nógrádi lakodalom
|
| 264 |
|
1 |
|a Nógrad
|b Nógrad Község Szlovák Nemzetiségi Önkormányazata
|c 2018
|
| 300 |
|
|
|a 85 strán
|b fotogafie, portréty
|c 21 cm
|
| 336 |
|
|
|a text
|b txt
|2 rdacontent
|
| 337 |
|
|
|a bez média
|b n
|2 rdamedia
|
| 338 |
|
|
|a zväzok
|b nc
|2 rdacarrier
|
| 546 |
|
|
|a Súbežný názov v slovenčine ; text väčšinou v maďarčine
|
| 650 |
0 |
7 |
|a svadobné zvyky
|2 SNKPH
|9 28054
|
| 650 |
0 |
7 |
|a ľudové zvyky
|2 SNKPH
|9 66558
|
| 650 |
0 |
7 |
|a Folk customs
|2 SNKPHeng
|9 290915
|
| 651 |
|
7 |
|a Nógrád (Maďarsko : megye)
|2 SNKPHgeo
|9 193789
|
| 651 |
|
7 |
|a Nógrád Megye (Hungary)
|2 SNKPHeng
|9 193841
|
| 655 |
|
7 |
|a zbierky
|2 SNKPH
|9 70533
|
| 655 |
|
7 |
|a Collections of documents
|2 SNKPHeng
|9 265173
|
| 655 |
|
7 |
|a Studies
|2 SNKPHeng
|9 265573
|
| 655 |
|
7 |
|a štúdie
|2 SNKPH
|9 57033
|
| 700 |
1 |
|
|a Végh, József
|4 com
|9 312082
|
| 700 |
1 |
|
|a Kázmér, Alexandra
|4 trl
|9 362254
|
| 919 |
|
|
|a 978-615-00-3733-2
|
| 958 |
|
|
|a NB
|
| 958 |
|
|
|a ZS
|
| 999 |
|
|
|c 606687
|d 608617
|
| 952 |
|
|
|a SNK
|b SNK
|y PREZ
|7 0
|p 17A1418524
|o snkSC 189302
|i snk2020/11525
|8 2
|g 4.00
|0 0
|1 0
|4 0
|d 2020-02-21
|f 1
|l 0
|r 2025-10-06 00:00:00
|w 2026-02-23
|